Statistiques concernant Personnages Harry Potter - T

Cliquez ici pour prendre le quiz!

Statistiques générales

  • Ce quiz a été pris 191 fois
  • Le résultat moyen est 4 sur 10

Statistiques - réponses

Non Personnages% Correct
6Tom Jedusor
74%
1Ted Tonks
63%
2Teddy Lupin
50%
8Trevor
39%
4Theodore Nott
29%
3Terry Boot
25%
5Tobias Rogue
24%
7Touffu
21%
10Miss Teigne
18%
9Trorfinn Rowle
9%

Distribution des résultats

Percentile par nombre de réponses

% des personnes avec chaque résultat

Votre développement - résultats

Vous n’avez pas pris ce quiz